| 000 | 01399 a2200205 4500 | ||
|---|---|---|---|
| 020 | _a0060927828 | ||
| 020 | _a9780060927820 | ||
| 082 | 0 | 4 | _a616.8527 |
| 090 |
_c1628 _d1628 |
||
| 100 | 1 | _aPapolos, Demitri. | |
| 245 | 1 | 0 |
_aOvercoming depression, 3rd edition / _cDemitri Papolos. |
| 250 | _a3 Sub ed. | ||
| 260 |
_a[S.l.] : _bHarper Paperbacks, _c1997. |
||
| 300 |
_a432 p. ; _c21 cm. |
||
| 500 | _aPaperback. | ||
| 520 | _aMore than 20 million Americans will suffer an episode of depression or mania during their lifetimes, and one in five American families will feel its impact directly. For these families, Overcoming Depression is the essential resource. Since its first publication in 1987, it has become the book most often recommended by doctors to their depressed patients because it clearly and sympathetically presents state-of-the-art medical information and the solid, practical advice that patients and their families need to participate actively in diagnosis and treatment. Now featuring all-new data on the latest drugs, research, treatment, and medical insurance, it also includes a frank discussion of psychiatric therapy in the era of managed care. | ||
| 856 | 4 | 0 |
_3Amazon.com _uhttp://www.amazon.com/exec/obidos/ASIN/0060927828/chopaconline-20 |
| 856 | 4 | 0 |
_3Amazon customer reviews _uhttp://www.chopac.org/cgi-bin/tools/azrev.pl?q=0060927828 |
| 942 |
_aNBS _cBK _k616.8527 PAP |
||
| 999 |
_c344144 _d344144 |
||